Statistics for Asian Geography by Letter - P

Click here to take the quiz!

General Stats

  • This quiz has been taken 38,891 times
    (20,289 since last reset)
  • The average score is 12 of 20

Answer Stats

ClueAnswer% Correct
Manila is its capitalPhilippines
99%
Gulf on which Qatar sits{Persian} Gulf
92%
Capital of North KoreaPyongyang
92%
European country that colonized MacaoPortugal
91%
Country that has nuclear weaponsPakistan
88%
U.N. observer state composed of Gaza
and the West Bank
Palestine
87%
Former English spelling of BeijingPeking
86%
Capital of CambodiaPhnom Penh
77%
Kuala Lumpur towers; The world's tallest
buildings from 1998–2004
{Petronas}
Towers
69%
"Lost city" in Jordan cut from stonePetra
65%
Thailand's largest island;
a major tourist destination
Phuket
56%
Main ethnic group of AfghanistanPashtun
50%
Region of five rivers shared by
India and Pakistan
Punjab
41%
Term for a tiered tower of East AsiaPagoda
39%
Major Chinese river that meets the
sea near Hong Kong
Pearl
32%
City of 7 million just 120 km away
from Mumbai
Pune
32%
Ancient capital of Persia, 550–330 BCPersepolis
29%
Volcano in the above that lowered global
temperatures when it erupted in 1991
Pinatubo
26%
Fifth-largest island of the Philippines
which juts toward Malaysia
Palawan
16%
Skyscraper district of ShanghaiPudong
16%

Score Distribution

Percentile by Number Answered

Percent of People with Each Score

Your Score History

You have not taken this quiz since the last reset